| 000 | 00650cab a2200181 4500 | ||
|---|---|---|---|
| 001 | ##L130954 | ||
| 008 | 050727n2005 000 0 eng u | ||
| 035 | _a(Sirsi) u130954 | ||
| 041 | 0 | _aeng | |
| 245 | 0 | 0 |
_aSpecial report _bcareers |
| 260 | _c2005 | ||
| 490 | 0 |
_aProperty Week _v70(36) 9 September 2005, 73-96(10) |
|
| 520 | _aSpecial report focusing on careers. Examines the popularity of RICS accredited masters degress and the RICS APC, including a list of 14 tips on passing. | ||
| 590 | _aIKA270905 | ||
| 590 | _aKA | ||
| 690 | _aCAREERS, EDUCATION AND TRAINING-QUALIFICATION ROUTES-ASSESSMENT OF PROFESSIONAL COMPETENCE | ||
| 942 | _n0 | ||
| 999 |
_c104604 _d104604 |
||